| 000 | 01312nam a2200277 i 4500 | ||
|---|---|---|---|
| 001 | 166815 | ||
| 003 | ES-MaACL | ||
| 005 | 20250717050004.0 | ||
| 008 | 020913s1874 sp |||| | spa d | ||
| 100 | 1 |
_aUstáriz y Escribano, José. _9112318 |
|
| 245 | 1 | 0 |
_aDiscursos leídos en la solemne inauguración de las sesiones del curso de 1874 a 1875 de la Sociedad Histológica de Madrid, celebrada el día 6 de diciembre de 1874 / _cpor José Ustáriz y Aureliano Maestre-de San Juan. |
| 260 |
_aMadrid : _b[s.n.], _c1874 ( _fImp. de José M. Ducazcal) |
||
| 300 |
_a78 p. ; _c19 cm. |
||
| 530 | _aDisponible en formato digital. | ||
| 594 | _aTema: Modo de generar los elementos anatómicos. | ||
| 650 | 4 |
_aHistología. _9164981 |
|
| 650 |
_aReproducción. _916853 |
||
| 650 | 0 | 7 |
_aBiogénesis _2embne _910571 |
| 700 | 1 |
_aMaestre de San Juan, Aureliano. _9129331 |
|
| 710 | 2 |
_aSociedad Histológica de Madrid. _96783 |
|
| 852 |
_aES-MaACL _jT-171-F-21 _z- Enc. hol. _z- Enc. en un vol. facticio |
||
| 852 |
_aES-MaACL _jT-623-F-6 _z- Enc. hol. _z- Enc. en un vol. facticio |
||
| 852 |
_aES-MaACL _jT-681-F-3 _z- Enc. hol. conservando cub. original _z- Enc. en un vol. facticio |
||
| 856 |
_uhttp://bdh-rd.bne.es/viewer.vm?id=0000105742&page=1 _zBiblioteca Digital Hispánica |
||
| 999 |
_c166815 _d166815 |
||